<?xml version="1.0" encoding="UTF-8"?>
<record
    xmlns:xsi="http://www.w3.org/2001/XMLSchema-instance"
    xsi:schemaLocation="http://www.loc.gov/MARC21/slim http://www.loc.gov/standards/marcxml/schema/MARC21slim.xsd"
    xmlns="http://www.loc.gov/MARC21/slim">

  <leader>00809nam a22001577a 4500</leader>
  <controlfield tag="003">LRUA</controlfield>
  <controlfield tag="005">20200127145747.0</controlfield>
  <controlfield tag="008">200127b        xxu||||| |||| 00| 0 eng d</controlfield>
  <datafield tag="040" ind1=" " ind2=" ">
    <subfield code="c">RUA</subfield>
  </datafield>
  <datafield tag="082" ind1=" " ind2=" ">
    <subfield code="a">AED CHE 2018 B657 Or.1</subfield>
  </datafield>
  <datafield tag="100" ind1=" " ind2=" ">
    <subfield code="9">14137</subfield>
    <subfield code="a">CHEA NIMOL &#x1787;&#x17B6; &#x1793;&#x17B7;&#x1798;&#x179B;&#x17CB;</subfield>
  </datafield>
  <datafield tag="245" ind1=" " ind2=" ">
    <subfield code="a">the study on economic efficiency of household dry season rice production in svay yea commune, svay chrum district, svay rieng province &#x1780;&#x17B6;&#x179A;&#x179F;&#x17B7;&#x1780;&#x17D2;&#x179F;&#x17B6;&#x179A;&#x17A2;&#x17C6;&#x1796;&#x17B8;&#x1794;&#x17D2;&#x179A;&#x179F;&#x17B7;&#x1791;&#x17D2;&#x1792;&#x1797;&#x17B6;&#x1796;&#x179F;&#x17C1;&#x178A;&#x17D2;&#x178B;&#x1780;&#x17B7;&#x1785;&#x17D2;&#x1785;&#x1793;&#x17C3;&#x1795;&#x179B;&#x17B7;&#x178F;&#x1780;&#x1798;&#x17D2;&#x1798;&#x179F;&#x17D2;&#x179A;&#x17BC;&#x179C;&#x1794;&#x17D2;&#x179A;&#x17B6;&#x17C6;&#x1784;&#x1793;&#x17C5;&#x1783;&#x17BB;&#x17C6;&#x179F;&#x17D2;&#x179C;&#x17B6;&#x1799;&#x1799;&#x17B6; &#x179F;&#x17D2;&#x179A;&#x17BB;&#x1780;&#x179F;&#x17D2;&#x179C;&#x17B6;&#x1799;&#x1787;&#x17D2;&#x179A;&#x17BB;&#x17C6; &#x1781;&#x17C1;&#x178F;&#x17D2;&#x178F;&#x179F;&#x17D2;&#x179C;&#x17B6;&#x1799;&#x179A;&#x17C0;&#x1784;</subfield>
  </datafield>
  <datafield tag="260" ind1=" " ind2=" ">
    <subfield code="a">RUA</subfield>
    <subfield code="b">Phnom penh</subfield>
    <subfield code="c">2018</subfield>
  </datafield>
  <datafield tag="300" ind1=" " ind2=" ">
    <subfield code="a">x;50p</subfield>
    <subfield code="b">ill;</subfield>
    <subfield code="c">29cm</subfield>
  </datafield>
  <datafield tag="942" ind1=" " ind2=" ">
    <subfield code="2">ddc</subfield>
    <subfield code="c">AED</subfield>
  </datafield>
  <datafield tag="999" ind1=" " ind2=" ">
    <subfield code="c">18814</subfield>
    <subfield code="d">18814</subfield>
  </datafield>
  <datafield tag="952" ind1=" " ind2=" ">
    <subfield code="0">0</subfield>
    <subfield code="1">0</subfield>
    <subfield code="2">ddc</subfield>
    <subfield code="4">0</subfield>
    <subfield code="6">AED_CHE_2018_000000000000000_B657_OR_1</subfield>
    <subfield code="7">0</subfield>
    <subfield code="9">83374</subfield>
    <subfield code="a">LBB</subfield>
    <subfield code="b">LBB</subfield>
    <subfield code="c">B657</subfield>
    <subfield code="d">2020-01-27</subfield>
    <subfield code="l">3</subfield>
    <subfield code="o">AED CHE 2018 B657 Or.1</subfield>
    <subfield code="p">A063654</subfield>
    <subfield code="r">2024-06-04</subfield>
    <subfield code="s">2024-05-31</subfield>
    <subfield code="w">2020-01-27</subfield>
    <subfield code="y">AED</subfield>
  </datafield>
  <datafield tag="952" ind1=" " ind2=" ">
    <subfield code="0">0</subfield>
    <subfield code="1">0</subfield>
    <subfield code="2">ddc</subfield>
    <subfield code="4">0</subfield>
    <subfield code="6">AED_CHE_2018_000000000000000_B657_OR_2</subfield>
    <subfield code="7">0</subfield>
    <subfield code="9">83375</subfield>
    <subfield code="a">LBB</subfield>
    <subfield code="b">LBB</subfield>
    <subfield code="c">B657</subfield>
    <subfield code="d">2020-01-27</subfield>
    <subfield code="o">AED CHE 2018 B657 Or.2</subfield>
    <subfield code="p">A43368</subfield>
    <subfield code="r">2020-01-27</subfield>
    <subfield code="w">2020-01-27</subfield>
    <subfield code="y">AED</subfield>
  </datafield>
  <datafield tag="952" ind1=" " ind2=" ">
    <subfield code="0">0</subfield>
    <subfield code="1">0</subfield>
    <subfield code="2">ddc</subfield>
    <subfield code="4">0</subfield>
    <subfield code="6">AED_CHE_2018_000000000000000_B657_OR_3</subfield>
    <subfield code="7">0</subfield>
    <subfield code="9">83376</subfield>
    <subfield code="a">LBB</subfield>
    <subfield code="b">LBB</subfield>
    <subfield code="c">B657</subfield>
    <subfield code="d">2020-01-27</subfield>
    <subfield code="o">AED CHE 2018 B657 Or.3</subfield>
    <subfield code="p">A43393</subfield>
    <subfield code="r">2020-01-27</subfield>
    <subfield code="w">2020-01-27</subfield>
    <subfield code="y">AED</subfield>
  </datafield>
  <datafield tag="952" ind1=" " ind2=" ">
    <subfield code="0">0</subfield>
    <subfield code="1">0</subfield>
    <subfield code="2">ddc</subfield>
    <subfield code="4">0</subfield>
    <subfield code="6">AED_CHE_2018_000000000000000_B657_OR_4</subfield>
    <subfield code="7">0</subfield>
    <subfield code="9">83377</subfield>
    <subfield code="a">LBB</subfield>
    <subfield code="b">LBB</subfield>
    <subfield code="c">B657</subfield>
    <subfield code="d">2020-01-27</subfield>
    <subfield code="o">AED CHE 2018 B657 Or.4</subfield>
    <subfield code="p">A43438</subfield>
    <subfield code="r">2020-01-27</subfield>
    <subfield code="w">2020-01-27</subfield>
    <subfield code="y">AED</subfield>
  </datafield>
  <datafield tag="952" ind1=" " ind2=" ">
    <subfield code="0">0</subfield>
    <subfield code="1">0</subfield>
    <subfield code="2">ddc</subfield>
    <subfield code="4">0</subfield>
    <subfield code="6">AED_CHE_2018_000000000000000_B657_OR_5</subfield>
    <subfield code="7">0</subfield>
    <subfield code="9">83378</subfield>
    <subfield code="a">LBB</subfield>
    <subfield code="b">LBB</subfield>
    <subfield code="c">B657</subfield>
    <subfield code="d">2020-01-27</subfield>
    <subfield code="l">3</subfield>
    <subfield code="o">AED CHE 2018 B657 Or.5</subfield>
    <subfield code="p">A43168</subfield>
    <subfield code="r">2026-03-20</subfield>
    <subfield code="s">2026-02-10</subfield>
    <subfield code="w">2020-01-27</subfield>
    <subfield code="y">AED</subfield>
  </datafield>
  <datafield tag="952" ind1=" " ind2=" ">
    <subfield code="0">0</subfield>
    <subfield code="1">0</subfield>
    <subfield code="2">ddc</subfield>
    <subfield code="4">0</subfield>
    <subfield code="6">AED_CHE_2018_000000000000000_B657_OR_6</subfield>
    <subfield code="7">0</subfield>
    <subfield code="9">83379</subfield>
    <subfield code="a">LBB</subfield>
    <subfield code="b">LBB</subfield>
    <subfield code="c">B657</subfield>
    <subfield code="d">2020-01-27</subfield>
    <subfield code="o">AED CHE 2018 B657 Or.6</subfield>
    <subfield code="p">A43258</subfield>
    <subfield code="r">2020-01-27</subfield>
    <subfield code="w">2020-01-27</subfield>
    <subfield code="y">AED</subfield>
  </datafield>
</record>
